13 colonies and capitals - Statistics

General Stats
  • This quiz has been taken 150 times
  • The average score is 20 of 26
Answer Stats
Answer % Correct
Virginia
98%
New York
96%
North Carolina
96%
South Carolina
96%
Maryland
92%
Delaware
90%
Georgia
90%
New Hampshire
90%
New Jersey
90%
Pennsylvania
88%
Rhode Island
88%
Massachusetts
85%
Connecticut
81%
Boston
79%
Raleigh
73%
Atlanta
71%
Albany
69%
Providence
69%
Hartford
67%
Annapolis
65%
Richmond
65%
Harrisburg
60%
Columbia
58%
Concord
58%
Dover
58%
Trenton
56%
No matching quizzes found
Score Distribution
Percent of People with Each Score
Percentile by Number Answered
Your Score History
You have not taken this quiz